000 01027nam a2200325Ia 4500
001 2406
003 IT-RoPAU
008 130308s9999 xx 000 0 und d
040 _aIT-RoPAU
040 _cIT-RoPAU
041 _aFRANCESE
100 _aLherminier Pierre
100 _gCodice Aut. SPICS: 4639
245 _aCinema en 100.000 pages (Le)
245 _bCinema En 100.000 pages (Le)
250 _a1a ed.
260 _aPARIS
260 _bComite' De Liaison Edition Cinem.
260 _c1980 [1° Ed.:1980 - Ed.Ling.Originale:1980]
300 _a"72 p. (prefazione: no ; testo: 72)"
500 _aCatalogo Generale delle Edizioni Cinematografiche in Lingua Francese libri e riviste Estetica e Filosofia del Cinema problematiche del Cinema Tecniche del Cinema cineasti registi e Attori Sui Film Novita'
650 _aBIBLIOGRAFIA
650 _eCodice materia Spics: 2001
700 _aAA.VV.
700 _gCodice Aut. SPICS: 12000
942 _cBK
957 _71
999 _c65193
_d65193
999 _bSI
999 _g1